000 00288nam a2200109Ia 4500
008 200302s9999 xx 000 0 und d
100 _aKenneth Hudson
245 _aThe Archaeology of the Consumer Society
260 _bHeinemann Educational Books Ltd.
260 _c1983
300 _a116 P.,
999 _c1279
_d1279